000 01563cam a2200289 i 4500
999 _c13805
_d13805
020 _a9789814947640
050 0 0 _aPZ7.7.P53
082 0 0 _aFic. P639d 2020 Bk.9
_223
100 1 _aPilkey, Dav,
_d1966-
245 1 0 _aDog man :
_bgrime and punishment /
_cwritten and illustrated by Dav Pilkey as George Beard and Harold Hutchins ; with color by Jose Garibaldi.
260 _aSingapore
_bScholastic
_cc2020
300 _a236 pages :
_bcolor illustrations ;
_c21 x 13.5 cm.
337 _aunmediated
_bn
490 0 _aDog Man ;
_v9
504 _aLexile level - 260
505 0 _aFore-foreward: Behind the Profundity -- Foreword: George and Harold's recap of our story thus far -- Chief's big day -- The saddest chapter ever written -- The chapter that's totally not as sad as the last one -- The dog in the hat -- A bunch stuff that happened next -- The incorrigible crud -- Cat man -- Big fight -- The lunch bag of motor brain -- 80-HD power -- Love vs. hate: who will win? -- The ultimate showdown -- Three endings -- Notes -- How to draw
520 _aThe Supa Buddies bamboozled the baddies, but all's not right in the world. Dog Man has a new problem to pound, and he's going to need his entire pack to help him. Will he go barking up the wrong tree?
526 _aFICTION
650 1 _aGraphic novels.
650 1 _aHumorous stories.
650 1 _aDogs -- Juvenile fiction.
650 1 _aCats -- Juvenile fiction.
650 1 _aPolice -- Juvenile fiction.
650 1 _aAdventure and adventurers.
700 1 _aGaribaldi, Jose,
942 _2ddc
_cBK